LEADER 00855nam0-22002891i-450 001 990001625060403321 005 20190529131327.0 035 $a000162506 035 $aFED01000162506 035 $a(Aleph)000162506FED01 035 $a000162506 100 $a20030910d1967----km-y0itay50------ba 101 0 $aita 200 1 $aSulla introduzione di Formica aquilonia in Sardegna$fPasquale Palma 210 $aSassari$cStazione Sperimentale del Sughero di Tempio Pausania$d1967 215 $ap. 49-56$d24 cm 610 0 $aFormicidae 610 0 $aFormiche 676 $a595.796 700 1$aPalma,$bPasquale$0353187 801 0$aIT$bUNINA$gRICA$2UNIMARC 901 $aLG 912 $a990001625060403321 952 $a60 OP. 76/34$b43665$fFAGBC 959 $aFAGBC 996 $aSulla introduzione di Formica aquilonia in Sardegna$9366445 997 $aUNINA LEADER 01212nam a22002771i 4500 001 991002025789707536 005 20030503100943.0 008 030925s1924 it a||||||||||||||||ita 035 $ab12231551-39ule_inst 035 $aARCHE-027918$9ExL 040 $aBiblioteca Interfacoltà$bita$cA.t.i. Arché s.c.r.l. Pandora Sicilia s.r.l. 082 04$a282 100 1 $aGioberti, Vincenzo$068480 245 12$aI frammenti "Della riforma cattolica" e "Della libertà cattolica" /$cVincenzo Gioberti ; riveduti sugli autografi da Gustavo Balsamo-Crivelli ; con prefazione di Giovanni Gentile 260 $aFirenze :$bVallecchi,$cstampa 1924 300 $aXXXVI, 282 p. :$bill. ;$c20 cm 440 3$aIl pensiero moderno 650 4$aGioberti, Vincenzo$xOpere$xAntologia 700 1 $aGentile, Giovanni$d<1875-1944> 700 1 $aBalsamo Crivelli, Gustavo 907 $a.b12231551$b02-04-14$c08-10-03 912 $a991002025789707536 945 $aLE002 Fil. XI C 28$g1$i2002000068200$lle002$o-$pE0.00$q-$rn$so $t0$u0$v0$w0$x0$y.i1261452x$z08-10-03 996 $aFrammenti "Della riforma cattolica" e "Della libertà cattolica"$9156559 997 $aUNISALENTO 998 $ale002$b08-10-03$cm$da $e-$fita$git $h2$i1